[Event "14th Sigeman & Co"]
[Site "Malmo SWE"]
[Date "2006.04.28"]
[Round "1"]
[White "Atalik, Suat"]
[Black "Stellwagen, Daniel"]
[Result "1/2-1/2"]
[WhiteElo "2632"]
[BlackElo "2543"]
[EventDate "2006.04.28"]
[PlyCount "101"]

1.d4 Nf6 2.c4 g6 3.Nc3 Bg7 4.e4 d6 5.Nf3 O-O 6.h3 Na6 7.Bg5 c6 8.Be2 e5 9.
O-O exd4 10.Nxd4 Re8 11.Bf3 h6 12.Bf4 Nh7 13.Re1 Ng5 14.h4 Nxf3+ 15.Nxf3 
Bg4 16.Qxd6 Qb6 17.Qd2 Rad8 18.Qe2 Nc5 19.Be3 Qa5 20.Rad1 Rxd1 21.Qxd1 
Nxe4 22.Bd4 Bxf3 23.gxf3 Nf6 24.Rxe8+ Nxe8 25.Bxg7 Nxg7 26.Qd7 Nf5 27.Qxb7
Nxh4 28.Qc8+ Kg7 29.Qg4 Qg5 30.Kh2 Qe5+ 31.f4 Qe7 32.Qe2 Qf6 33.Qe3 h5 34.
b4 Nf5 35.Qe5 Nd4 36.Kg2 Ne6 37.Kf3 Nd4+ 38.Ke4 Nc2 39.b5 cxb5 40.cxb5 h4 
41.Kf3 Qxe5 42.fxe5 Ne1+ 43.Ke4 h3 44.Ne2 f5+ 45.exf6+ Kxf6 46.a4 h2 47.
Ng3 Ke6 48.a5 Kd6 49.Nh1 Kc5 50.b6 axb6 51.axb6 1/2-1/2

[Event "14th Sigeman & Co"]
[Site "Malmo SWE"]
[Date "2006.04.28"]
[Round "1"]
[White "Hillarp Persson, Tiger"]
[Black "Carlsson, Pontus"]
[Result "1/2-1/2"]
[WhiteElo "2524"]
[BlackElo "2433"]
[EventDate "2006.04.28"]
[PlyCount "82"]

1.d4 Nf6 2.c4 e6 3.Nc3 Bb4 4.e3 O-O 5.Ne2 Re8 6.a3 Bf8 7.d5 d6 8.g3 Nbd7 
9.dxe6 fxe6 10.Bg2 Nb6 11.b3 d5 12.a4 dxc4 13.Qxd8 Rxd8 14.a5 Nbd7 15.bxc4
Ne5 16.a6 Rb8 17.axb7 Bxb7 18.O-O Nxc4 19.Rxa7 Bxg2 20.Kxg2 Bd6 21.Nd4 Re8
22.Rd1 Nd5 23.Ne4 Rb1 24.Rf1 Nf6 25.Nc3 Rbb8 26.h3 Kf7 27.Ra2 Ra8 28.Rc2 
e5 29.Ndb5 Ra5 30.Rd1 Rb8 31.Nxd6+ cxd6 32.Ne4 Nxe3+ 33.Bxe3 Nxe4 34.Rc7+ 
Kf8 35.Kf3 d5 36.Rd7 Nf6 37.Rc7 Ra3 38.Kg2 d4 39.Bg5 h6 40.Bxf6 gxf6 41.
Rdc1 Rab3 1/2-1/2

[Event "14th Sigeman & Co"]
[Site "Malmo SWE"]
[Date "2006.04.29"]
[Round "2"]
[White "Berg, Emanuel"]
[Black "Hector, Jonny"]
[Result "1-0"]
[WhiteElo "2539"]
[BlackElo "2514"]
[EventDate "2006.04.28"]
[PlyCount "107"]

1.e4 e5 2.Nf3 Nc6 3.d4 exd4 4.Nxd4 Nf6 5.Nc3 Bb4 6.Nxc6 bxc6 7.Bd3 d5 8.
exd5 cxd5 9.O-O O-O 10.Bg5 c6 11.Ne2 h6 12.Bh4 Bd6 13.Nd4 c5 14.Nb5 Bb8 
15.c4 Re8 16.Re1 Rxe1+ 17.Qxe1 g5 18.Bg3 Bxg3 19.hxg3 Ba6 20.cxd5 Bxb5 21.
Bxb5 Qxd5 22.Rd1 Qxa2 23.Qc3 Qe6 24.Qxc5 Rc8 25.Qxa7 Qe5 26.Ba6 Rc2 27.Bd3
Rc5 28.Bf1 Ng4 29.Rd8+ Kg7 30.Rd7 Rc1 31.Rxf7+ Kg6 32.Rf8 Qe6 33.Qa4 Nf6 
34.Qb5 Qd6 35.Ra8 Qd5 36.Qxd5 Nxd5 37.Ra6+ Kg7 38.Rd6 Nb4 39.Rd2 Kf6 40.f3
Ke5 41.Kf2 Nd5 42.Bd3 Nb4 43.Be4 Ra1 44.g4 Ra2 45.Ke3 Ra1 46.Rd7 Re1+ 47.
Kf2 Rh1 48.Rb7 Na2 49.Ra7 Nc1 50.Bc2 Kd4 51.Ra4+ Kc5 52.Ke3 Re1+ 53.Kd2 
Rg1 54.Ra3 1-0

[Event "14th Sigeman & Co"]
[Site "Malmo SWE"]
[Date "2006.04.29"]
[Round "2"]
[White "Fedorov, Alexei"]
[Black "Atalik, Suat"]
[Result "1/2-1/2"]
[WhiteElo "2614"]
[BlackElo "2632"]
[EventDate "2006.04.28"]
[PlyCount "45"]

1.e4 e5 2.Nf3 Nc6 3.Bb5 a6 4.Ba4 Nf6 5.O-O Nxe4 6.d4 b5 7.Bb3 d5 8.dxe5 
Be6 9.Nbd2 Be7 10.c3 O-O 11.Bc2 f5 12.Nb3 Qd7 13.Nfd4 Nxd4 14.Nxd4 c5 15.
Nxe6 Qxe6 16.f3 Ng5 17.a4 Rad8 18.axb5 axb5 19.Kh1 Qb6 20.Bxg5 Bxg5 21.f4 
Be7 22.Qf3 d4 23.cxd4 1/2-1/2

[Event "14th Sigeman & Co"]
[Site "Malmo SWE"]
[Date "2006.04.29"]
[Round "2"]
[White "Stellwagen, Daniel"]
[Black "Cicak, Slavko"]
[Result "1-0"]
[WhiteElo "2543"]
[BlackElo "2506"]
[EventDate "2006.04.28"]
[PlyCount "73"]

1.e4 g6 2.d4 Bg7 3.Nc3 c6 4.f4 Qb6 5.Nf3 d5 6.e5 Bg4 7.Be2 Nh6 8.Ng5 Bxe2 
9.Nxe2 c5 10.dxc5 Qxc5 11.Qd3 O-O 12.c3 Rc8 13.Nd4 Qc4 14.Qh3 Na6 15.Kf2 
Nc5 16.Rd1 f6 17.Nge6 Nf7 18.Nxg7 Kxg7 19.Kg1 Qa6 20.Be3 Kh8 21.exf6 exf6 
22.f5 Ne5 23.fxg6 Nxg6 24.Rf1 Re8 25.Nf5 Ne4 26.Bd4 Ne5 27.Ng3 Nxg3 28.
Qxg3 Re7 29.Qh4 Kg7 30.Rf5 Rf8 31.Raf1 Rff7 32.Qg3+ Kf8 33.Bc5 Qe6 34.Qh4 
Ng6 35.Rxf6 Qe3+ 36.Bxe3 Nxh4 37.Bc5 1-0

[Event "14th Sigeman & Co"]
[Site "Malmo SWE"]
[Date "2006.04.30"]
[Round "3"]
[White "Atalik, Suat"]
[Black "Carlsson, Pontus"]
[Result "1-0"]
[WhiteElo "2632"]
[BlackElo "2433"]
[EventDate "2006.04.28"]
[PlyCount "71"]

1.d4 Nf6 2.c4 e6 3.Nc3 Bb4 4.Qc2 O-O 5.a3 Bxc3+ 6.Qxc3 b6 7.Nf3 d6 8.e3 
Bb7 9.Be2 Ne4 10.Qc2 f5 11.O-O Rf6 12.d5 Rh6 13.Nd4 Qh4 14.h3 Ng5 15.e4 c5
16.Bxg5 Qxg5 17.f4 Qg3 18.Rf3 Qh4 19.Nxe6 Rxe6 20.dxe6 fxe4 21.Rff1 Qf6 
22.f5 Qe5 23.Qc3 Nc6 24.Qxe5 dxe5 25.f6 Nd4 26.Bg4 g6 27.e7 Kf7 28.Bd7 h5 
29.h4 Ba6 30.Rae1 Bxc4 31.Rxe4 Bxf1 32.Kxf1 Nf5 33.Rxe5 Nd6 34.Bc6 Rc8 35.
Bd5+ Kxf6 36.Re6+ 1-0

[Event "14th Sigeman & Co"]
[Site "Malmo SWE"]
[Date "2006.04.30"]
[Round "3"]
[White "Cicak, Slavko"]
[Black "Fedorov, Alexei"]
[Result "1-0"]
[WhiteElo "2506"]
[BlackElo "2614"]
[EventDate "2006.04.28"]
[PlyCount "83"]

1.e4 c5 2.Nf3 d6 3.Nc3 Nf6 4.e5 dxe5 5.Nxe5 a6 6.a4 Qc7 7.Nc4 Be6 8.b3 Nc6
9.Bb2 O-O-O 10.Be2 Bxc4 11.bxc4 e6 12.Bf3 Nd4 13.d3 Qf4 14.Ne4 Nxf3+ 15.
Qxf3 Qxf3 16.gxf3 Be7 17.Rg1 Rhg8 18.Ke2 h6 19.Rab1 Nxe4 20.fxe4 g6 21.Bc1
g5 22.Be3 h5 23.h3 g4 24.hxg4 hxg4 25.e5 Kc7 26.a5 Rb8 27.Rh1 Rh8 28.c3 
Rbg8 29.d4 Bd8 30.d5 Kc8 31.Bxc5 Bxa5 32.Bd4 Rh3 33.Kd2 Rf3 34.Kc2 exd5 
35.cxd5 Kb8 36.Rb3 Rc8 37.Ra1 Bd8 38.Rxa6 g3 39.fxg3 Rxg3 40.d6 Rg2+ 41.
Kd3 Rg3+ 42.Ke4 1-0

[Event "14th Sigeman & Co"]
[Site "Malmo SWE"]
[Date "2006.04.30"]
[Round "3"]
[White "Hector, Jonny"]
[Black "Stellwagen, Daniel"]
[Result "1/2-1/2"]
[WhiteElo "2514"]
[BlackElo "2543"]
[EventDate "2006.04.28"]
[PlyCount "154"]

1.e4 c5 2.Nf3 e6 3.d4 cxd4 4.Nxd4 a6 5.Nc3 Qc7 6.Bd3 Nc6 7.Be3 Nf6 8.O-O 
Ne5 9.Nf3 Nfg4 10.Nxe5 Nxe3 11.Qh5 g6 12.Qf3 Qxe5 13.fxe3 f6 14.Qxf6 Qxf6 
15.Rxf6 Bg7 16.Rf2 b6 17.Rb1 Bb7 18.Na4 b5 19.Nb6 Rd8 20.a4 Bc6 21.b4 bxa4
22.Bxa6 a3 23.c3 Bxc3 24.Nc4 Ke7 25.Rb3 Ra8 26.Rxc3 Rxa6 27.Ra2 Rb8 28.
Raxa3 Rxa3 29.Nxa3 Rxb4 30.e5 Rg4 31.g3 Re4 32.Nc4 Bd5 33.Nd6 Rxe5 34.Nc8+
Kf6 35.Nb6 Bc6 36.Rd3 Rb5 37.Nc4 Rb1+ 38.Kf2 Rh1 39.h4 Rh2+ 40.Ke1 Bb5 41.
Rc3 Rg2 42.Nd6 Bc6 43.Kf1 Rh2 44.Rc5 Bd5 45.e4 Ke5 46.exd5 Kxd6 47.dxe6 
Kxe6 48.Rc8 Rd2 49.Ke1 Rg2 50.Rc3 h5 51.Kf1 Rd2 52.Ke1 Rd6 53.Kf2 Ke5 54.
Rc5+ Kd4 55.Rg5 Re6 56.g4 hxg4 57.Rxg4+ Kc3 58.Rg5 Kc4 59.Rg1 d5 60.Rc1+ 
Kd3 61.Rd1+ Ke4 62.Re1+ Kf5 63.Rd1 Rd6 64.Rd4 Ke5 65.Ke3 Re6 66.Kd3 Ra6 
67.Rg4 Kf6 68.Rg5 Ra1 69.Ke2 Ra2+ 70.Ke1 Ra5 71.Ke2 Rb5 72.Ke1 Rb1+ 73.Ke2
d4 74.Rd5 Rb4 75.Kd3 Rb3+ 76.Kxd4 Rh3 77.Ke4 Rxh4+ 1/2-1/2

[Event "14th Sigeman & Co"]
[Site "Malmo SWE"]
[Date "2006.04.30"]
[Round "3"]
[White "Hillarp Persson, Tiger"]
[Black "Berg, Emanuel"]
[Result "1/2-1/2"]
[WhiteElo "2524"]
[BlackElo "2539"]
[EventDate "2006.04.28"]
[PlyCount "83"]

1.d4 d6 2.Nf3 g6 3.e4 Nf6 4.Bd3 c5 5.dxc5 Qa5+ 6.Nc3 Qxc5 7.Be3 Qa5 8.h3 
Nc6 9.a3 Bg7 10.O-O O-O 11.b4 Qh5 12.Be2 Bxh3 13.gxh3 Ng4 14.hxg4 Qxg4+ 
15.Kh1 Qh3+ 16.Nh2 Bxc3 17.Bg4 Qh4 18.Rb1 Ne5 19.f4 Nxg4 20.Qxg4 Qxg4 21.
Nxg4 h5 22.Nf2 Rfc8 23.Rfc1 Rc4 24.Kg2 Rac8 25.Kf3 f5 26.exf5 gxf5 27.Rh1 
Kf7 28.Rxh5 Ke6 29.Nd3 Bf6 30.Rc1 b5 31.Re1 Rxc2 32.Bd4+ Kd5 33.Bxf6 exf6 
34.Rxf5+ Kd4 35.Re3 R2c3 36.Rxf6 R8c6 37.Rf5 a6 38.Ke2 Rxa3 39.Rf6 Rc2+ 
40.Kf3 d5 41.Rd6 Rcc3 42.Re4+ 1/2-1/2

[Event "14th Sigeman & Co"]
[Site "Malmo SWE"]
[Date "2006.05.01"]
[Round "4"]
[White "Berg, Emanuel"]
[Black "Stellwagen, Daniel"]
[Result "0-1"]
[WhiteElo "2539"]
[BlackElo "2543"]
[EventDate "2006.04.28"]
[PlyCount "78"]

1.e4 c5 2.Nf3 e6 3.d4 cxd4 4.Nxd4 a6 5.Bd3 Bc5 6.Nb3 Ba7 7.Qe2 Nc6 8.Be3 
d6 9.O-O Nf6 10.Nc3 b5 11.a4 b4 12.Nb1 O-O 13.N1d2 Ne5 14.Bxa7 Rxa7 15.a5 
d5 16.f4 Nxd3 17.cxd3 dxe4 18.dxe4 e5 19.fxe5 Ng4 20.Nf3 Re7 21.Ra4 Bd7 
22.Rxb4 Bb5 23.Rxb5 axb5 24.Qxb5 Qb8 25.Nbd4 Qa7 26.Kh1 Rb7 27.Qe2 Qxa5 
28.e6 Ne5 29.b4 Qxb4 30.Nxe5 Qxd4 31.exf7+ Kh8 32.Qa6 Qxe4 33.Qd6 Qb4 34.
Qe6 Qb1 35.Kg1 Qb5 36.Qd6 Rbb8 37.Qe6 Qc5+ 38.Kh1 Rb6 39.Qe8 Rf6 0-1

[Event "14th Sigeman & Co"]
[Site "Malmo SWE"]
[Date "2006.05.01"]
[Round "4"]
[White "Fedorov, Alexei"]
[Black "Hector, Jonny"]
[Result "1-0"]
[WhiteElo "2614"]
[BlackElo "2514"]
[EventDate "2006.04.28"]
[PlyCount "65"]

1.e4 e5 2.Nf3 Nc6 3.Bb5 a6 4.Ba4 Nf6 5.O-O Bc5 6.c3 b5 7.Bb3 d6 8.a4 Bg4 
9.h3 Bxf3 10.Qxf3 O-O 11.a5 Rb8 12.Kh1 Nd7 13.Qe2 Ba7 14.d3 Nc5 15.Bc2 b4 
16.f4 b3 17.Bd1 d5 18.f5 dxe4 19.dxe4 Qd3 20.Nd2 Rfd8 21.Kh2 Rb5 22.Qg4 h5
23.Qh4 Rxa5 24.Rxa5 Nxa5 25.Bxh5 Qd6 26.f6 Rd7 27.Bg4 gxf6 28.Rxf6 Ne6 29.
Rh6 Be3 30.Rh8+ Kg7 31.Nxb3 Bxc1 32.Nxc1 Qd2 33.Bxe6 1-0

[Event "14th Sigeman & Co"]
[Site "Malmo SWE"]
[Date "2006.05.01"]
[Round "4"]
[White "Timman, Jan"]
[Black "Atalik, Suat"]
[Result "1/2-1/2"]
[WhiteElo "2616"]
[BlackElo "2632"]
[EventDate "2006.04.28"]
[PlyCount "27"]

1.e4 e5 2.Nf3 Nc6 3.Bb5 a6 4.Ba4 Nf6 5.O-O Nxe4 6.d4 b5 7.Bb3 d5 8.dxe5 
Be6 9.Qe2 Be7 10.Rd1 O-O 11.c4 bxc4 12.Bxc4 Bc5 13.Be3 Bxe3 14.Qxe3 
1/2-1/2

[Event "14th Sigeman & Co"]
[Site "Malmo SWE"]
[Date "2006.05.02"]
[Round "5"]
[White "Hector, Jonny"]
[Black "Carlsson, Pontus"]
[Result "1-0"]
[WhiteElo "2514"]
[BlackElo "2433"]
[EventDate "2006.04.28"]
[PlyCount "113"]

1.e4 e6 2.d4 d5 3.Nc3 Bb4 4.Qd3 Ne7 5.Bd2 O-O 6.O-O-O b6 7.Nh3 Ba6 8.Qf3 
Bxf1 9.Rhxf1 Nbc6 10.exd5 Nxd5 11.Ne2 Bxd2+ 12.Rxd2 b5 13.Nhf4 Na5 14.Nxd5
exd5 15.Nf4 Nc4 16.Re2 c6 17.Rd1 Qa5 18.Kb1 Rfe8 19.Nd3 Qc7 20.Rde1 Rxe2 
21.Qxe2 h6 22.g3 Kf8 23.Nc5 Nd6 24.Qg4 Rd8 25.Qf4 Kg8 26.c3 Re8 27.Re5 
Rxe5 28.Qxe5 Kf8 29.Kc2 Qe7 30.f4 Nc4 31.Qb8+ Qe8 32.Nd7+ Ke7 33.Qxe8+ 
Kxe8 34.Nb8 Ne3+ 35.Kd3 Nf1 36.Nxc6 a6 37.Nb4 Nxh2 38.Ke2 Kd7 39.Nxd5 Ng4 
40.Nb4 a5 41.Nd3 Ke6 42.a4 bxa4 43.c4 Nf6 44.Nc5+ Kd6 45.Kf3 Kc6 46.Nxa4 
Ne8 47.d5+ Kd6 48.Ke3 Nf6 49.Nc3 Nd7 50.Kd4 f5 51.c5+ Ke7 52.c6 Nf6 53.Ke5
Ng4+ 54.Kxf5 Ne3+ 55.Kg6 Nc4 56.Kxg7 Nxb2 57.f5 1-0

[Event "14th Sigeman & Co"]
[Site "Malmo SWE"]
[Date "2006.05.02"]
[Round "5"]
[White "Khenkin, Igor"]
[Black "Berg, Emanuel"]
[Result "1/2-1/2"]
[WhiteElo "2602"]
[BlackElo "2539"]
[EventDate "2006.04.28"]
[PlyCount "87"]

1.d4 Nf6 2.c4 e6 3.Nc3 Bb4 4.Qc2 c5 5.dxc5 O-O 6.a3 Bxc5 7.Nf3 Nc6 8.Bf4 
b6 9.e3 Nh5 10.Bg3 Be7 11.Rd1 f5 12.Be2 Bb7 13.Qd3 Nxg3 14.hxg3 d6 15.g4 
h6 16.gxf5 Rxf5 17.Qe4 Qd7 18.Qg4 Ne5 19.Nxe5 Rxe5 20.f4 Rxe3 21.Kf2 Rxc3 
22.bxc3 Kf8 23.Qg6 Qc6 24.Bh5 Qc5+ 25.Rd4 Qf5 26.Qxf5+ exf5 27.Bf3 Bxf3 
28.Kxf3 Rc8 29.Rh5 Rc5 30.Rd5 Rxc4 31.Rhxf5+ Ke8 32.Rd3 Ra4 33.c4 Rxc4 34.
Re3 a6 35.g4 b5 36.g5 hxg5 37.fxg5 Rc1 38.g6 Rg1 39.Rf7 Rf1+ 40.Ke4 Rxf7 
41.gxf7+ Kxf7 42.Kd5 g5 43.Rf3+ Bf6 44.Kxd6 1/2-1/2

[Event "14th Sigeman & Co"]
[Site "Malmo SWE"]
[Date "2006.05.02"]
[Round "5"]
[White "Stellwagen, Daniel"]
[Black "Fedorov, Alexei"]
[Result "1-0"]
[WhiteElo "2543"]
[BlackElo "2614"]
[EventDate "2006.04.28"]
[PlyCount "57"]

1.e4 c5 2.Nf3 d6 3.d4 cxd4 4.Nxd4 Nf6 5.Nc3 g6 6.Be3 Bg7 7.f3 a6 8.Qd2 
Nbd7 9.Bc4 Nc5 10.O-O-O Bd7 11.Nb3 Ne6 12.Bh6 O-O 13.h4 Rc8 14.Bxe6 fxe6 
15.h5 Bxh6 16.Qxh6 Qe8 17.hxg6 Qxg6 18.Qd2 b5 19.g4 b4 20.Ne2 Rc4 21.Kb1 
Bc6 22.Ng3 Nd7 23.Rh5 Rxf3 24.Rg5 Rxg3 25.Rxg6+ hxg6 26.Na5 Rc5 27.Nxc6 
Rxc6 28.Qg5 Nf8 29.Rf1 1-0

[Event "14th Sigeman & Co"]
[Site "Malmo SWE"]
[Date "2006.05.03"]
[Round "6"]
[White "Berg, Emanuel"]
[Black "Fedorov, Alexei"]
[Result "1/2-1/2"]
[WhiteElo "2539"]
[BlackElo "2614"]
[EventDate "2006.04.28"]
[PlyCount "108"]

1.e4 c5 2.Nf3 Nc6 3.Nc3 e5 4.Bc4 Be7 5.d3 d6 6.h3 Nf6 7.Bg5 O-O 8.Bxf6 
Bxf6 9.Nd5 Bg5 10.Nxg5 Qxg5 11.Qd2 Qxd2+ 12.Kxd2 Rb8 13.a4 Be6 14.a5 Rfd8 
15.c3 Kf8 16.Rhb1 Ne7 17.b4 Bxd5 18.Bxd5 Nxd5 19.exd5 Rdc8 20.c4 Ke7 21.
Rb2 Kd7 22.Rab1 cxb4 23.Rxb4 Kc7 24.Ke3 b6 25.axb6+ Rxb6 26.Rxb6 axb6 27.
Ra1 Kb7 28.f4 exf4+ 29.Kxf4 Re8 30.g4 h6 31.h4 Re2 32.h5 Re5 33.Rg1 Kc7 
34.Ra1 Kb7 35.Rg1 Kc7 36.d4 Re2 37.g5 Rf2+ 38.Ke4 Re2+ 39.Kd3 Rh2 40.g6 
Rh3+ 41.Kd2 fxg6 42.hxg6 b5 43.cxb5 Kb6 44.Ke2 Kxb5 45.Rb1+ Kc4 46.Rb7 Rg3
47.Rxg7 Kxd5 48.Kf2 Rg5 49.Ke3 Ke6 50.Rg8 d5 51.g7 Kf7 52.Rd8 Kxg7 53.Rd7+
Kg6 54.Rd6+ Kg7 1/2-1/2

[Event "14th Sigeman & Co"]
[Site "Malmo SWE"]
[Date "2006.05.03"]
[Round "6"]
[White "Carlsson, Pontus"]
[Black "Stellwagen, Daniel"]
[Result "1/2-1/2"]
[WhiteElo "2433"]
[BlackElo "2543"]
[EventDate "2006.04.28"]
[PlyCount "79"]

1.e4 c5 2.Nf3 e6 3.d4 cxd4 4.Nxd4 a6 5.Bd3 Bc5 6.Nb3 Ba7 7.Qg4 Nf6 8.Qg3 
d6 9.Nc3 Nc6 10.O-O b5 11.Kh1 Bb7 12.f4 h5 13.e5 dxe5 14.Ne4 Nb4 15.Qxg7 
Nxe4 16.Qxh8+ Ke7 17.Qxd8+ Rxd8 18.Bxe4 Bxe4 19.Nd2 Bxc2 20.fxe5 Nd3 21.
Ne4 Rg8 22.Bg5+ Kf8 23.Bh6+ Ke7 24.Bg5+ Kf8 25.h4 Kg7 26.Bf6+ Kh7 27.Bg5 
Kg7 28.Nd6 Nf2+ 29.Rxf2 Bxf2 30.Rf1 Bd4 31.Rxf7+ Kg6 32.Rf6+ Kg7 33.Rf7+ 
Kg6 34.Rf6+ Kg7 35.Rxe6 Bxb2 36.Re7+ Kg6 37.Re6+ Kg7 38.Bf6+ Kg6 39.Be7+ 
Kh7 40.Bg5 1/2-1/2

[Event "14th Sigeman & Co"]
[Site "Malmo SWE"]
[Date "2006.05.04"]
[Round "7"]
[White "Cicak, Slavko"]
[Black "Khenkin, Igor"]
[Result "1/2-1/2"]
[WhiteElo "2506"]
[BlackElo "2602"]
[EventDate "2006.04.28"]
[PlyCount "23"]

1.c4 e5 2.g3 c6 3.d4 Bb4+ 4.Bd2 Bxd2+ 5.Qxd2 d6 6.Bg2 Qe7 7.Nc3 Nf6 8.e4 
d5 9.dxe5 Nxe4 10.Nxe4 dxe4 11.O-O-O Nd7 12.Bxe4 1/2-1/2

[Event "14th Sigeman & Co"]
[Site "Malmo SWE"]
[Date "2006.05.04"]
[Round "7"]
[White "Hector, Jonny"]
[Black "Hillarp Persson, Tiger"]
[Result "0-1"]
[WhiteElo "2514"]
[BlackElo "2524"]
[EventDate "2006.04.28"]
[PlyCount "102"]

1.e4 c5 2.Nf3 d6 3.d4 cxd4 4.Nxd4 Nf6 5.Nc3 a6 6.Bg5 e6 7.f4 Qb6 8.Qd2 Nc6
9.Nb3 Ng4 10.Bh4 Qe3+ 11.Be2 Be7 12.Bg3 Qxd2+ 13.Kxd2 h5 14.h3 Nf6 15.Bf3 
h4 16.Bh2 Nd7 17.e5 d5 18.Rae1 b5 19.f5 Bg5+ 20.Kd1 Nb6 21.fxe6 fxe6 22.
Ne2 Nc4 23.Bf4 Be7 24.Ned4 Nxd4 25.Nxd4 Nxb2+ 26.Kc1 Nc4 27.Bg4 O-O 28.Bh2
Bg5+ 29.Kb1 Re8 30.Bh5 Rf8 31.Bg4 Re8 32.Bh5 Re7 33.Nf3 Nd2+ 34.Kb2 Nxf3 
35.gxf3 Bd7 36.Rhg1 Bh6 37.Rg4 Be8 38.Bxe8 Raxe8 39.Rxh4 Rc8 40.f4 Rec7 
41.Re2 Rc3 42.f5 exf5 43.Rd4 Be3 44.Rxd5 f4 45.e6 f3 46.e7 fxe2 47.Rd8+ 
Kh7 48.Bg3 Bd4 49.Be1 Rxc2+ 50.Kb3 R8c3+ 51.Bxc3 Rxc3+ 0-1

[Event "14th Sigeman & Co"]
[Site "Malmo SWE"]
[Date "2006.05.04"]
[Round "7"]
[White "Stellwagen, Daniel"]
[Black "Timman, Jan"]
[Result "1/2-1/2"]
[WhiteElo "2543"]
[BlackElo "2616"]
[EventDate "2006.04.28"]
[PlyCount "113"]

1.e4 e6 2.d4 d5 3.Nc3 Bb4 4.e5 c5 5.a3 Bxc3+ 6.bxc3 Ne7 7.Qg4 O-O 8.Bd3 f5
9.exf6 Rxf6 10.Bg5 Rf7 11.Qh5 g6 12.Qd1 Qa5 13.Bd2 Nbc6 14.Nf3 Qc7 15.O-O 
e5 16.Nxe5 Nxe5 17.dxe5 Qxe5 18.c4 d4 19.f4 Qc7 20.Qf3 Bd7 21.Rae1 Bf5 22.
g4 Bxd3 23.cxd3 Qc6 24.Qxc6 Nxc6 25.Kg2 Re7 26.Rxe7 Nxe7 27.Re1 Kf7 28.Kf3
b6 29.Re5 Rd8 30.f5 gxf5 31.gxf5 Rg8 32.h4 Rg1 33.Bg5 Ng8 34.Re6 Rf1+ 35.
Ke4 h6 36.Bxh6 Nf6+ 37.Ke5 Ng4+ 38.Kd6 Rxf5 39.Bg5 Nf2 40.Re7+ Kg6 41.Rxa7
Nxd3 42.Kc6 Ne5+ 43.Kb5 Nf3 44.Rd7 Nxg5 45.hxg5 Kxg5 46.Kxb6 Kf4 47.a4 Ke3
48.a5 Kd3 49.Kb5 Kc3 50.a6 Rf1 51.Kxc5 d3 52.a7 Ra1 53.Kb6 Kxc4 54.Kb7 Kc3
55.a8=Q Rxa8 56.Rxd3+ Kxd3 57.Kxa8 1/2-1/2

[Event "14th Sigeman & Co"]
[Site "Malmo SWE"]
[Date "2006.05.05"]
[Round "8"]
[White "Atalik, Suat"]
[Black "Cicak, Slavko"]
[Result "1-0"]
[WhiteElo "2632"]
[BlackElo "2506"]
[EventDate "2006.04.28"]
[PlyCount "79"]

1.d4 e6 2.c4 c5 3.d5 exd5 4.cxd5 d6 5.Nc3 Be7 6.Nf3 a6 7.a4 Nd7 8.e4 Bf6 
9.Bf4 Qc7 10.Bc4 Nb6 11.Be2 Bg4 12.a5 Nd7 13.Nd2 Bxe2 14.Qxe2 Ne5 15.Bxe5 
Bxe5 16.Nc4 Qe7 17.Nxe5 Qxe5 18.O-O g5 19.Na4 Rd8 20.Nb6 Nf6 21.Nc4 Qe7 
22.Rae1 Nd7 23.h4 h6 24.f4 gxf4 25.Rxf4 Ne5 26.Nxe5 dxe5 27.Rf5 Qxh4 28.
Rxe5+ Kd7 29.Rf1 Rhe8 30.Rxf7+ Kc8 31.Rff5 Rxe5 32.Rxe5 Rf8 33.d6 Kd7 34.
Re7+ Kxd6 35.Rxb7 Ke5 36.Qd2 Rd8 37.Qc3+ Kxe4 38.Re7+ Kf5 39.Qe5+ Kg4 40.
Rg7+ 1-0

[Event "14th Sigeman & Co"]
[Site "Malmo SWE"]
[Date "2006.05.05"]
[Round "8"]
[White "Berg, Emanuel"]
[Black "Carlsson, Pontus"]
[Result "1-0"]
[WhiteElo "2539"]
[BlackElo "2433"]
[EventDate "2006.04.28"]
[PlyCount "71"]

1.e4 c5 2.Nf3 d6 3.d4 cxd4 4.Nxd4 Nf6 5.Nc3 g6 6.Be3 Bg7 7.f3 O-O 8.Qd2 
Nc6 9.Bc4 Bd7 10.Bb3 Rc8 11.O-O-O Nxd4 12.Bxd4 b5 13.Nd5 Nxd5 14.Bxg7 Kxg7
15.exd5 a5 16.a3 b4 17.axb4 axb4 18.Qxb4 Kg8 19.Rhe1 Re8 20.Rd4 Rc5 21.
Rde4 Bb5 22.R1e3 Qa8 23.Qa3 Qb7 24.Kd2 Qc7 25.Qb4 Qa7 26.Re1 Qc7 27.g4 Ba6
28.Ke3 Rb8 29.Qa4 Qa7 30.Kf4 Rc7 31.Kg3 Qb7 32.h4 Bd3 33.R4e3 Ra8 34.Qf4 
Bb5 35.h5 Rac8 36.Qh6 1-0

[Event "14th Sigeman & Co"]
[Site "Malmo SWE"]
[Date "2006.05.05"]
[Round "8"]
[White "Hillarp Persson, Tiger"]
[Black "Stellwagen, Daniel"]
[Result "1-0"]
[WhiteElo "2524"]
[BlackElo "2543"]
[EventDate "2006.04.28"]
[PlyCount "125"]

1.d4 Nf6 2.c4 g6 3.Nc3 Bg7 4.Nf3 O-O 5.Bg5 d6 6.e3 c5 7.Be2 h6 8.Bh4 g5 9.
Bg3 Nh5 10.d5 Nxg3 11.hxg3 e6 12.Nd2 exd5 13.Nxd5 Nc6 14.Ne4 Re8 15.Nec3 
a6 16.O-O Be6 17.Rb1 Rb8 18.a3 Ne7 19.b4 b5 20.Nxe7+ Qxe7 21.Nd5 Qb7 22.
Bf3 Qc8 23.Rc1 Bd7 24.Qd2 bxc4 25.Be2 Be6 26.Bxc4 Qb7 27.Rfd1 Qa7 28.Rb1 
Rec8 29.Qd3 Rc6 30.Rbc1 Kf8 31.a4 cxb4 32.Nxb4 Rxb4 33.Bxe6 Qc7 34.Rxc6 
Qxc6 35.Qf5 Rb7 36.Bd5 Qd7 37.Qf3 Rc7 38.Rb1 Qc8 39.Kh2 Be5 40.Bb7 Qd7 41.
a5 Qa4 42.Be4 Qd7 43.Bd3 Kg7 44.Qe4 f5 45.Qa8 Qf7 46.Qf3 h5 47.Kg1 Kh6 48.
Bxa6 f4 49.gxf4 gxf4 50.exf4 Qxf4 51.Qxf4+ Bxf4 52.Bb7 Rc5 53.a6 Ra5 54.g3
Be5 55.Rd1 Kg7 56.f4 Bf6 57.Rxd6 Be7 58.Rd5 Ra3 59.Kh2 Kg6 60.Re5 Bf6 61.
Be4+ Kh6 62.Re6 Kg7 63.Rd6 1-0

[Event "14th Sigeman & Co"]
[Site "Malmo SWE"]
[Date "2006.05.05"]
[Round "8"]
[White "Khenkin, Igor"]
[Black "Hector, Jonny"]
[Result "1/2-1/2"]
[WhiteElo "2602"]
[BlackElo "2514"]
[EventDate "2006.04.28"]
[PlyCount "101"]

1.d4 d5 2.c4 c6 3.e3 Bf5 4.cxd5 cxd5 5.Qb3 Qc7 6.Bb5+ Nd7 7.Bd2 e6 8.Nf3 
Ne7 9.O-O Nc6 10.Rc1 Rc8 11.Qa4 Bd6 12.Bxc6 bxc6 13.Bb4 O-O 14.Bxd6 Qxd6 
15.Nbd2 c5 16.dxc5 Nxc5 17.Qxa7 Nd3 18.Rxc8 Rxc8 19.a4 e5 20.a5 h6 21.h3 
Rb8 22.b3 f6 23.e4 dxe4 24.Nc4 Qd8 25.Nfd2 Nb4 26.a6 Nc6 27.Qc5 Qd4 28.
Qxd4 exd4 29.Nd6 e3 30.fxe3 dxe3 31.N2c4 Bd3 32.Nxe3 Na7 33.Ra3 Kf8 34.b4 
Bb5 35.Nef5 g6 36.Nd4 Bd7 37.Nb7 Bc8 38.Nd6 Bd7 39.Nb7 Bc8 40.Rc3 Bxb7 41.
Rc7 Bxa6 42.Ne6+ Kg8 43.Rg7+ Kh8 44.Rxa7 Bc4 45.Nf4 g5 46.Nh5 Rb6 47.g4 
Kg8 48.Rg7+ Kf8 49.Rg6 Kf7 50.Rxh6 Bd3 51.Rxf6+ 1/2-1/2

[Event "14th Sigeman & Co"]
[Site "Malmo SWE"]
[Date "2006.05.06"]
[Round "9"]
[White "Cicak, Slavko"]
[Black "Berg, Emanuel"]
[Result "0-1"]
[WhiteElo "2506"]
[BlackElo "2539"]
[EventDate "2006.04.28"]
[PlyCount "64"]

1.e4 e6 2.Nf3 d5 3.e5 c5 4.c3 Nc6 5.Na3 Nh6 6.Nc2 f6 7.exf6 Qxf6 8.d4 cxd4
9.Bg5 Qg6 10.Ncxd4 Bd6 11.Bh4 O-O 12.Bg3 Bxg3 13.hxg3 e5 14.Nxc6 bxc6 15.
Nxe5 Re8 16.Qe2 Qf6 17.f4 Bg4 18.Qe3 Nf5 19.Qf2 Rab8 20.b3 Rb4 21.Bd3 Nxg3
22.Bxh7+ Kh8 23.Kd2 Rxe5 24.Bf5+ Kg8 25.Bh7+ Kf7 26.Qxg3 Re2+ 27.Kd3 Rbe4 
28.Bxe4 dxe4+ 29.Kc4 Qe6+ 30.Kb4 c5+ 31.Kxc5 Qb6+ 32.Kd5 Be6+ 0-1

[Event "14th Sigeman & Co"]
[Site "Malmo SWE"]
[Date "2006.05.06"]
[Round "9"]
[White "Fedorov, Alexei"]
[Black "Hillarp Persson, Tiger"]
[Result "1/2-1/2"]
[WhiteElo "2614"]
[BlackElo "2524"]
[EventDate "2006.04.28"]
[PlyCount "38"]

1.e4 c5 2.Nf3 d6 3.d4 cxd4 4.Nxd4 Nf6 5.Nc3 a6 6.Be3 e6 7.f3 b5 8.g4 h6 9.
Qd2 b4 10.Nce2 e5 11.Nb3 a5 12.Rd1 a4 13.Nbc1 Be6 14.c4 Nc6 15.Ng3 g6 16.
h4 h5 17.g5 Nd7 18.Bd3 Nc5 19.O-O Be7 1/2-1/2

[Event "14th Sigeman & Co"]
[Site "Malmo SWE"]
[Date "2006.05.06"]
[Round "9"]
[White "Hector, Jonny"]
[Black "Atalik, Suat"]
[Result "0-1"]
[WhiteElo "2514"]
[BlackElo "2632"]
[EventDate "2006.04.28"]
[PlyCount "80"]

1.e4 e5 2.Nf3 Nc6 3.d4 exd4 4.Nxd4 Bc5 5.Be3 Qf6 6.c3 Nge7 7.g3 h5 8.f4 
Bxd4 9.cxd4 d5 10.Nc3 Bg4 11.Be2 dxe4 12.Bxg4 hxg4 13.d5 O-O-O 14.Qxg4+ 
Qf5 15.Qxf5+ Nxf5 16.Bc5 b6 17.Ba3 Nxg3 18.Rg1 Nd4 19.hxg3 Nc2+ 20.Kd1 
Nxa1 21.Be7 Rd7 22.Bh4 c6 23.Nxe4 cxd5 24.Ng5 Rc7 25.Kd2 Nc2 26.Nxf7 Rxf7 
27.Kxc2 Re8 28.Kd3 d4 29.Rc1+ Rc7 30.Rxc7+ Kxc7 31.Kxd4 Re2 32.Kc3 Kd6 33.
a4 a6 34.Kb3 Kc5 35.Ka3 b5 36.axb5 axb5 37.f5 Kc4 38.Ka2 b4 39.Kb1 b3 40.
Kc1 Rc2+ 0-1

[Event "14th Sigeman & Co"]
[Site "Malmo SWE"]
[Date "2006.05.06"]
[Round "9"]
[White "Stellwagen, Daniel"]
[Black "Khenkin, Igor"]
[Result "1/2-1/2"]
[WhiteElo "2543"]
[BlackElo "2602"]
[EventDate "2006.04.28"]
[PlyCount "51"]

1.e4 e5 2.Nf3 Nc6 3.Bb5 Nf6 4.O-O Nxe4 5.d4 Nd6 6.Bxc6 dxc6 7.dxe5 Nf5 8.
Qxd8+ Kxd8 9.Nc3 Ne7 10.h3 Ng6 11.Be3 Ke8 12.a3 Be7 13.Rad1 h5 14.Rfe1 h4 
15.Nd4 Rh5 16.f4 Bd7 17.Ne4 c5 18.Ne2 b6 19.N2c3 Bc6 20.Nd5 Bxd5 21.Rxd5 
f6 22.Rf1 fxe5 23.f5 Nf8 24.Rxe5 Nd7 25.Rd5 Nf6 26.Re5 1/2-1/2